| 000 | 00376nam a22001577a 4500 | ||
|---|---|---|---|
| 008 | 230920b |||||||| |||| 00| 0 eng d | ||
| 020 | _a0-07-053-070 | ||
| 082 | _a105.32 | ||
| 100 | _aKai Hawang | ||
| 245 |
_aAdvance Computer Architecture _cKai Hawang |
||
| 260 |
_aNew Delhi _bTMH _c2003 |
||
| 300 | _a765 | ||
| 650 | _aBB CSE | ||
| 796 | _aKai Hawang | ||
| 942 |
_2ddc _cBK |
||
| 999 |
_c20187 _d20187 |
||